Zhodnotenie tržieb a tvorby zisku pri výrobe hrozna

Bibliographic Details
Main Authors: Pekárik, Štefan, 1934- (Author), Bača, Ján (Author), Ilková, Zuzana, 1953- (Author), Farkašová, Mária, 1956- (Author)
Format: Article
Language:Slovak
PhysicalDescription:Grafy 3, tab. 3, res. angl., franc., nem., slov., lit. 6 zázn. v slov.
ISSN:0042-6326
Subjects:

MARC

LEADER 00000nab a2200000 a 4500
001 vtls000573387
003 SK-MaSNL
005 20260303203651.0
008 160203c1996 xo 0 slo
015 |a SNBRB19rr/mm-uuuuu 
035 |a CL0573525 
040 |a SNKBUCL  |b slo  |c SNKBUCL  |e AACR2 
041 0 |a slo 
044 |a xo  |c SK 
080 |a 634.8.076.003.2(437.6):631.15:65.011.4:631.16:658.155  |2 1981 
080 |a 631.15  |2 1981 
080 |a 631.16  |2 1981 
080 |a 658.155  |2 1981 
245 0 0 |a Zhodnotenie tržieb a tvorby zisku pri výrobe hrozna  |c Štefan Pekárik, Ján Bača, Zuzana Ilková, Mária Farkašová 
300 |b Grafy 3, tab. 3, res. angl., franc., nem., slov., lit. 6 zázn. v slov. 
650 0 7 |a hrozno  |2 snkbucl  |9 14710 
650 0 7 |a ekonomická efektívnosť  |2 snkbucl  |9 74879 
650 0 7 |a zisk  |2 snkbucl  |9 13920 
650 0 7 |a tržby  |2 snkbucl  |9 15495 
655 7 |a články z novín a časopisov  |2 snkbucl  |9 267496 
700 1 |a Pekárik, Štefan,  |d 1934-  |4 aut  |9 201432 
700 1 |a Bača, Ján  |4 aut  |9 276585 
700 1 |a Ilková, Zuzana,  |d 1953-  |4 aut  |9 193302 
700 1 |a Farkašová, Mária,  |d 1956-  |4 aut  |9 188641 
773 0 |t Vinohrad  |g Roč. 35, č. 1 (1996), s. 2-4  |x 0042-6326 
850 |a Slovenská národná knižnica v Martine  |a MTA001 
852 |a SNK  |b KIS3GCP 
958 |a RK 
958 |a SK 
992 |a RBX 
999 |c 2186566  |d 2188496